Phát triển bền vững khu công nghiệp thành phố Cần Thơ : Sách chuyên khảo

Trình bày nhu cầu phát triển khu công nghiệp thành phố Cần Thơ và những bài học kinh nghiệm phát triển khu công nghiệp. Đánh giá thực trạng quá trình phát triển các khu công nghiệp thành phố Cần Thơ trong thời gian qua. Đề xuất các giải pháp...

Descripció completa

Guardat en:
Dades bibliogràfiques
Autor principal: Huỳnh Thanh Nhã (Biên soạn)
Altres autors: Vương Quốc Duy, Tô Minh Chiến
Format: Llibre
Idioma:Vietnamese
Publicat: Cần thơ Đại học Cần Thơ 2017
Matèries:
Etiquetes: Afegir etiqueta
Sense etiquetes, Sigues el primer a etiquetar aquest registre!
Thư viện lưu trữ: Thư viện Trường Đại học Nam Cần Thơ
LEADER 01393nam a22002177a 4500
001 NCT_39254
008 180607b xxu||||| |||| 00| 0 vie d
999 |c 1893  |d 1893 
020 |c 45000 
082 0 4 |2 23rd ed.  |a 330.959793  |b Nh100 
100 1 |a Huỳnh Thanh Nhã  |e Biên soạn 
245 1 0 |a Phát triển bền vững khu công nghiệp thành phố Cần Thơ :  |b Sách chuyên khảo  |c Huỳnh Thanh Nhã, Vương Quốc Duy, Tô Minh Chiến 
260 |a Cần thơ  |b Đại học Cần Thơ  |c 2017 
300 |a 136 tr.  |c 24cm 
520 3 |a Trình bày nhu cầu phát triển khu công nghiệp thành phố Cần Thơ và những bài học kinh nghiệm phát triển khu công nghiệp. Đánh giá thực trạng quá trình phát triển các khu công nghiệp thành phố Cần Thơ trong thời gian qua. Đề xuất các giải pháp phát triển vững khu công nghiệp của thành phố Cần Thơ 
653 |a Quản lý tài nguyên và môi trường 
700 1 |a Vương Quốc Duy 
700 1 |a Tô Minh Chiến 
942 |2 ddc  |c BK 
952 |0 0  |1 0  |2 ddc  |4 0  |6 330_959793000000000_NH100  |7 0  |9 9759  |a 000001  |b 000001  |d 2018-06-07  |o 330.959793 Nh100  |p MD.12237  |r 2018-06-07  |v 45000.00  |w 2018-06-07  |y BK 
980 |a Thư viện Trường Đại học Nam Cần Thơ